Is Messi Really Better than Ronaldo? - Statistics

General Stats
  • This quiz has been taken 40 times
  • The average score is 9 of 10
Answer Stats
Question Answer % Correct
Who has NEVER played in the Premier League? Messi
97%
Who has played on the same team with Neymar Jr? Messi
97%
Who has more Ballon D'or wins? Messi
97%
Who has more Champions League Titles? Ronaldo
97%
Who has more career assists? Messi
94%
Who has scored more penalties? Ronaldo
94%
Who has more FIFA World Cup champions? Messi
91%
Who has more total goals? Ronaldo
91%
Who has more FIFA World Cup goals? Messi
80%
Who has a higher net worth? Ronaldo
80%
No matching quizzes found
Score Distribution
Percent of People with Each Score
Percentile by Number Answered
Your Score History
You have not taken this quiz